LIBRARY & INFORMATION CENTRE, KCAET, TAVANUR

ONLINE PUBLIC ACCESS CATALOGUE (OPAC)

Advanced mathematics for engineers and scientists, Vol 2 / (Record no. 9448)

MARC details
000 -LEADER
fixed length control field 00592cam a2200229ua 4500
041 ## - LANGUAGE CODE
Language code of text/sound track or separate title eng
082 ## - DEWEY DECIMAL CLASSIFICATION NUMBER
Classification number 510.02462
Item number SHA/AD
100 ## - MAIN ENTRY--AUTHOR NAME
Personal name Sharma, G S .
245 ## - TITLE STATEMENT
Title Advanced mathematics for engineers and scientists, Vol 2 /
250 ## - EDITION STATEMENT
Edition statement 1 /
260 ## - PUBLICATION, DISTRIBUTION, ETC. (IMPRINT)
Place of publication New Delhi :
Name of publisher C B S Publishers & Distributers ,
Year of publication 1991.
300 ## - PHYSICAL DESCRIPTION
Number of Pages 545 ; .
500 ## - GENERAL NOTE
General note 18309 CSS
700 1# - ADDED ENTRY--PERSONAL NAME
Personal name Ahuja, K L .
942 ## - ADDED ENTRY ELEMENTS (KOHA)
Koha item type Books
Holdings
Withdrawn status Lost status Damaged status Home library Current library Shelving location Date acquired Full call number Accession Number Koha item type
      KAUAET     07/04/2012 510.02462 18309 Books
      KAUAET KAUAET Scheme 07/04/2012 510.02462 SHA/AD 18310 Book Bank scheme for SC students
free website counter